Normal view
MARC view
Entry Personal Name
001 - CONTROL NUMBER
- control field: 556588
003 - CONTROL NUMBER IDENTIFIER
- control field: OSt
005 - DATE AND TIME OF LATEST TRANSACTION
- control field: 20220930094903.0
008 - FIXED-LENGTH DATA ELEMENTS
- fixed length control field: 220930|| aca||aabn | a|a d
040 ## - CATALOGING SOURCE
- Original cataloging agency: OSt
- Transcribing agency: OSt
100 ## - HEADING--PERSONAL NAME
- Personal name: दिल्ली विश्वविद्यालय. कला संकाय. संस्कृत
670 ## - SOURCE DATA FOUND
- Source citation: Work cat.: (OSt)887864: भारद्वाज, अनिरुद्ध, ले., संस्कृतव्याकरणशास्त्र के सन्दर्भ में पाश्चात्य विद्वानों का चिंतन, 2014
